Normal view
MARC view
- Naseem Muhammad Khawar
Entry Personal Name
001 - CONTROL NUMBER
- control field: 126725
003 - CONTROL NUMBER IDENTIFIER
- control field: NUST
005 - DATE AND TIME OF LATEST TRANSACTION
- control field: 20241104111251.0
008 - FIXED-LENGTH DATA ELEMENTS
- fixed length control field: 241104|| aca||aabn | a|a d
040 ## - CATALOGING SOURCE
- Original cataloging agency: NUST
- Transcribing agency: NUST
100 ## - HEADING--PERSONAL NAME
- Personal name: Naseem Muhammad Khawar
670 ## - SOURCE DATA FOUND
- Source citation: Work cat.: (NUST)232279: Naseem Muhammad Khawar , Characterization of truck traffic of Pakistan and its comparison with legal load limits of NHA/ , xiv,79p.
